| 000 | 00682nam a2200193 4500 | ||
|---|---|---|---|
| 001 | 120631 | ||
| 003 | ES-MaACL | ||
| 005 | 20240304175149.0 | ||
| 007 | t| | ||
| 008 | 070214s1963 sp r ||||1| spa d | ||
| 100 | 1 |
_aPozo Ibáñez, Manuel del. _993548 |
|
| 245 | 1 | 0 |
_aNotas para la ordenación del pastoreo en praderas de tipo atlántico / _cpor Manuel del Pozo Ibáñez. |
| 260 |
_aMadrid : _bNeografis, _c1963. |
||
| 300 |
_a50 p. ; _c24 cm. |
||
| 500 | _aPrecede al tít.: Ministerio de Agricultura. Dirección General de Agricultura. | ||
| 710 | 1 |
_aEspaña. _bDirección General de Agricultura _93699 |
|
| 852 |
_aES-MaACL _j2034-F-2 _bR.53228 |
||
| 999 |
_c120631 _d120631 |
||